Aṣṭāṅgasaṅgraha. (Record no. 68979)

MARC details
000 -LEADER
fixed length control field 00723cam a22002651 4500
001 - CONTROL NUMBER
control field sa 66003593
003 - CONTROL NUMBER IDENTIFIER
control field DLC
005 - DATE AND TIME OF LATEST TRANSACTION
control field 20260227112237.0
008 - FIXED-LENGTH DATA ELEMENTS--GENERAL INFORMATION
fixed length control field 910122m19511962ii b 000 0 sano
010 ## - LIBRARY OF CONGRESS CONTROL NUMBER
LC control number sa 66003593
035 ## - SYSTEM CONTROL NUMBER
System control number (OCoLC)22997939
040 ## - CATALOGING SOURCE
Original cataloging agency DLC
Transcribing agency WaU
Modifying agency DLC
041 0# - LANGUAGE CODE
Language code of text/sound track or separate title sanhin
042 ## - AUTHENTICATION CODE
Authentication code premarc
050 00 - LIBRARY OF CONGRESS CALL NUMBER
Classification number R127.2
Item number .V315
100 0# - MAIN ENTRY--PERSONAL NAME
Personal name Vāgbhaṭa,
Dates associated with a name active 7th century.
245 10 - TITLE STATEMENT
Title Aṣṭāṅgasaṅgraha.
260 ## - PUBLICATION, DISTRIBUTION, ETC.
Date of publication, distribution, etc. [1951]-62.
300 ## - PHYSICAL DESCRIPTION
Extent 2 v.
Dimensions 27 cm.
500 ## - GENERAL NOTE
General note Hindi and Sanskrit; introductory matter in Hindi.
504 ## - BIBLIOGRAPHY, ETC. NOTE
Bibliography, etc. note Bibliographical footnotes.
650 #0 - SUBJECT ADDED ENTRY--TOPICAL TERM
Topical term or geographic name entry element Medicine, Ayurvedic.
700 1# - ADDED ENTRY--PERSONAL NAME
Personal name Gupta, Atrideva,
Dates associated with a name 1902-
740 0# - ADDED ENTRY--UNCONTROLLED RELATED/ANALYTICAL TITLE
Uncontrolled related/analytical title Aṣṭāṅga saṅgraha.

No items available.

Powered by Koha